معجم الأفعال المنية للمجهول المعروف بإتحاف الفاضل بالفعل المبني لغير الفاعل: وفي آخره رسالة في الكلام على ألفاظ عشرة يكثر دوراتها، فظلا، أيضا، هلم جر، لغة، واصطلاحا، خلافا، إجماعا واتقافا، مرة، تارة (Record no. 18386)
[ view plain ]
| 000 -LEADER | |
|---|---|
| fixed length control field | 01239nam a2200229Ii 4500 |
| 003 - CONTROL NUMBER IDENTIFIER | |
| control field | JO-AjNU |
| 005 - DATE AND TIME OF LATEST TRANSACTION | |
| control field | 20240110131700.0 |
| 008 - FIXED-LENGTH DATA ELEMENTS--GENERAL INFORMATION | |
| fixed length control field | 230605s9999||||xx |||||||||||||| ||und|| |
| 040 ## - CATALOGING SOURCE | |
| Original cataloging agency | JO-AjNU |
| Language of cataloging | ara |
| Description conventions | rda |
| Transcribing agency | JO-AjNU |
| 041 ## - LANGUAGE CODE | |
| Language code of text/sound track or separate title | ara |
| 050 14 - LIBRARY OF CONGRESS CALL NUMBER | |
| Classification number | PJ6199.I2664 1987 |
| 100 3# - MAIN ENTRY--PERSONAL NAME | |
| Personal name | الشافعي، محمد علي بن علان الصديقي، م. مشارك الدمشقي، عبد الرحمن بن أحمد الصناديقي؛ إعداد وتحقيق يسري عبد الغني عبدالله, |
| Relator term | author |
| 9 (RLIN) | 35807 |
| 245 00 - TITLE STATEMENT | |
| Title | معجم الأفعال المنية للمجهول المعروف بإتحاف الفاضل بالفعل المبني لغير الفاعل: وفي آخره رسالة في الكلام على ألفاظ عشرة يكثر دوراتها، فظلا، أيضا، هلم جر، لغة، واصطلاحا، خلافا، إجماعا واتقافا، مرة، تارة |
| 250 ## - EDITION STATEMENT | |
| Edition statement | ط1 |
| 264 31 - PRODUCTION, PUBLICATION, DISTRIBUTION, MANUFACTURE, AND COPYRIGHT NOTICE | |
| Place of production, publication, distribution, manufacture | بيروت: دارالكتب العلمية، 1987 |
| 300 ## - PHYSICAL DESCRIPTION | |
| Extent | 94ص |
| 336 ## - CONTENT TYPE | |
| Content type term | text |
| Content type code | txt |
| Source | rdacontent |
| 337 ## - MEDIA TYPE | |
| Media type term | unmediated |
| Media type code | n |
| Source | rdamedia |
| 338 ## - CARRIER TYPE | |
| Carrier type term | volume |
| Carrier type code | nc |
| Source | rdacarrier |
| 650 #4 - SUBJECT ADDED ENTRY--TOPICAL TERM | |
| Topical term or geographic name entry element | اللغة العربية- الأفعال المنية للمجهول - قواعد |
| 9 (RLIN) | 35808 |
| 942 ## - ADDED ENTRY ELEMENTS (KOHA) | |
| Source of classification or shelving scheme | Library of Congress Classification |
| Koha item type | Books |
| Withdrawn status | Lost status | Source of classification or shelving scheme | Damaged status | Not for loan | Home library | Current library | Shelving location | Date acquired | Total Checkouts | Full call number | Barcode | Date last seen | Price effective from | Koha item type |
|---|---|---|---|---|---|---|---|---|---|---|---|---|---|---|
| Library of Congress Classification | مكتبة جامعة عجلون الوطنية | مكتبة جامعة عجلون الوطنية | المجموعات العامة | 06/06/2023 | PJ6199.I2664 1987 | A14818 | 06/06/2023 | 06/06/2023 | Books |